00735nam a2200157Ia 4500008004100000100002500041245021400066245005500280260005300335260000900388300001200397650001500409856006100424999001900485952007300504170221s9999 xx 000 0 und d aSiti Falindah Padlee aExamining the Moderating Effects of Students’ Characteristics on the Relationship between Perceived Quality and Satisfaction with University Services: The Evidence from two Public Universities in Terengganu  cSiti Falindah Padlee, Siti Nur ‘Atikah Zulkiffli bInternational Review of Management and Marketing c2016 a15 : 12 xMarketing. uhttp://www.econjournals.com/index.php/irmm/issue/view/82 c312033d312033 001040aCLbCLd2017-02-21l0r2017-02-21 00:00:00w2017-02-21yFOJ